000 00338cam a2200133ua 4500
041 _ahin
_h
082 _a891.54
_bACH/SW
100 _aAcharya chathurvedi, .
245 _aswagath Raksha /
_cAcharya chathurvedi.
_hTextual Documents
260 _a :
_bRajpal and Sanch ,
_c1962.
300 _a49 ; .
504 _a
999 _c12309
_d12309